Stationary phases in gas chromatography /
Guardado en:
| Autor Principal: | |
|---|---|
| Otros Autores: | |
| Formato: | Libro |
| Idioma: | English |
| Publicado: |
Oxford :
Pergamon Press,
1975.
|
| Edición: | 1st ed. |
| Series: | International series of monographs in analytical chemistry ;
v. 56 |
| Materias: | |
| Etiquetas: |
Agregar Etiqueta
Sin Etiquetas, Sea el primero en etiquetar este registro!
|
| LEADER | 00921pam a22002655a 4500 | ||
|---|---|---|---|
| 001 | EIQ.libpla000829 | ||
| 008 | 741213s1975####enka#####b####001#0#eng#d | ||
| 005 | 20060602183508.0 | ||
| 245 | 1 | 0 | |a Stationary phases in gas chromatography / |c G. E. Baiulescu and V. A. Ilie. |
| 250 | |a 1st ed. | ||
| 260 | |a Oxford : |b Pergamon Press, |c 1975. | ||
| 300 | |a vi, 370 p. : |b il. ; |c 22 cm. | ||
| 490 | 0 | |a International series of monographs in analytical chemistry ; |v v. 56 | |
| 504 | |a Incluye referencias bibliográficas e índice. | ||
| 020 | |a 0080180752 | ||
| 100 | 1 | |a Baiulescu, George. | |
| 700 | 1 | |a Ilie, V. A. | |
| 082 | 0 | 0 | |a 543/.08 |
| 650 | 4 | |a Gases |x Cromatografía. | |
| 650 | 4 | |a Cromatografía de gases |x Fase estacionaria. | |
| 650 | 4 | |a Gas chromatography |x Phases stationary. | |
| 650 | 4 | |a Gas |x Chromatography. | |
| 010 | |a 74032148 | ||
| 040 | |a DLC |c DLC |d AR-BbSID | ||
| 859 | |a AR-BbSID |b BIB. PLAPIQUI |h 543.08 |i B 149 |p 559 | ||
